Maharashtra University Act 1994 (Record no. 302147)

MARC details
000 -LEADER
fixed length control field 00400nam a2200157Ia 4500
008 - FIXED-LENGTH DATA ELEMENTS--GENERAL INFORMATION
fixed length control field 230718s9999 xx 000 0 und d
041 ## - LANGUAGE CODE
Language code of text/sound track or separate title eng
082 ## - DEWEY DECIMAL CLASSIFICATION NUMBER
Classification number 378.54
Item number DEO
100 ## - MAIN ENTRY--PERSONAL NAME
Personal name Deopujari U.
245 ## - TITLE STATEMENT
Title Maharashtra University Act 1994
260 ## - PUBLICATION, DISTRIBUTION, ETC. (IMPRINT)
Date of publication, distribution, etc. 2001
Name of publisher, distributor, etc. Nagpur Law House
300 ## - PHYSICAL DESCRIPTION
Extent 161
365 ## - TRADE PRICE
Currency code Rs.
Price amount 150.00
700 ## - ADDED ENTRY--PERSONAL NAME
Personal name Deopujari U.
906 ## - LOCAL DATA ELEMENT F, LDF (RLIN)
d B:1222911-Sep-2001
c ARCHIT
b 22.5
Holdings
Withdrawn status Lost status Damaged status Not for loan Home library Current library Date acquired Vendor Budget Code Cost, normal purchase price Bill number Total Checkouts Full call number Barcode Date last seen Discount Cost, replacement price Bill Date Koha item type Original Barcode
        Cummins College of Engineering for Women Pune Cummins College of Engineering for Women Pune 26/09/2001 Pradeep Book Distributors ARCHIT 127.50 12229   378.54 CCEP-BK-13354 18/07/2023 22.5 150.00 11/09/2001 Books 013354